Statistics for Movie Characters with Many Actors #3

Click here to take the quiz!

General Stats

  • This quiz has been taken 49 times
  • The average score is 7 of 16

Answer Stats

HintAnswer% Correct
Edward Norton, Bill Bixby/Lou Ferrigno, Eric Bana, Mark Ruffalo, Paul Soles/Max FergusonIncredible Hulk
91%
Dean Cain, Nicolas Cage, Henry Cavill, Brandon Routh, Christopher ReeveSuperman
91%
Burgess Meredith, Danny DeVito, David Ogden Stiers, Robin Lord Taylor, Nolan NorthThe Penguin
65%
Chris Pine, Ben Affleck, John Krasinski, Alec Baldwin, Harrison FordJack Ryan
58%
Claire Danes, Olivia Hussey, Hailee Steinfeld, Blanche Baker, Jasmine CarmichaelJuliet
58%
Robert De Niro, Kevin James, Boris Karloff, Bela Lugosi, Peter BoyleFrankenstein's monster
56%
Sean Connery, Graham Chapman, Malcolm McDowell, Clive Owen, Charlie HunnamKing Arthur
49%
Orson Welles, Laurence Fishburne, Laurence Olivier, Anthony Hopkins, Eamonn WalkerOthello
42%
Brian Cox, Gary Oldman, Richard Burton, Bob Hoskins, John LithgowWinston Churchill
35%
Christoph Waltz, Donald Pleasence, Telly Savalas, Charles Gray, Max von SydowErnst Blofeld
33%
Lois Maxwell, Naomie Harris, Barbara Bouchet, Caroline Bliss, Samantha BondMiss Moneypenny
33%
Ian McKellen, Laurence Olivier, Vincent Price, Basil Rathbone, Benedict CumberbatchRichard III
30%
Kevin Spacey, Frank Langella, John Cusack, Anthony Hopkins, Robert WisdenRichard Nixon
28%
Val Kilmer (twice), Christian Bale, Charlton Heston, Ben Kingsley, Theodore RobertsMoses
21%
Mia Wasikowska, Joan Fontaine, Charlotte Gainsbourg, Anna Paquin, Ruth WilsonJane Eyre
12%
Dylan Vox, Sean Bean, Kirk Douglas, Arnold Vosloo, John Drew BarrymoreOdysseus
5%

Score Distribution

Percentile by Number Answered

Percent of People with Each Score

Your Score History

You have not taken this quiz